000
00268nam a22001097a 4500
082
_a
658.5 RUS'M
100
_a
RUSINOFF, S. E
_9
38976
245
_a
MANUFACTURING PROCESSES PRODUCTION AND MATERIALS
260
_a
LONDON
_b
TECHNICAL
_c
1957
300
_a
560P
942
_c
BK
999
_c
585245
_d
585245